000
00213nam a22000857a 4500
008
230810b |||||||| |||| 00| 0 eng d
020
_a
9780439559683
100
_a
Stilton Geronimo
_9
7367
245
_a
Paws of Cheddarface
999
_c
12395
_d
12395